Atp Top 50 Tennisspieler 2017 - Statistiken

Allgemein
  • Dieses Quiz wurde 121 mal gespielt
  • Das Durchschnittsergebnis liegt bei 24 aus 50
Antwortstatistiken
Ranglistenposition Land Tenisspieler % Korrekt
#4 Deutschland Alexander Zverev
100%
#33 Deutschland Mischa Zverev
100%
#1 Spanien Rafael Nadal
100%
#2 Schweiz Roger Federer
100%
#5 Österreich Dominic Thiem
99%
#3 Bulgarien Grigor Dimitrov
88%
#9 Schweiz Stan Wawrinka
88%
#12 Serbien Novak Djokovic
84%
#6 Kroatien Marin Cilic
82%
#16 Großbritannien Andy Murray
81%
#17 USA John Isner
76%
#7 Belgien David Goffin
72%
#22 Japan Kei Nishikori
69%
#46 Frankreich Gael Monfils
68%
#11 Argentinien Juan Martin Del Potro
65%
#21 Australien Nick Kyrgios
60%
#26 Argentinien Diego Schwartzman
59%
#15 Frankreich Jo-Wilfried Tsonga
58%
#14 Südafrika Kevin Anderson
58%
#24 Kanada Milos Raonic
58%
#20 Spanien Roberto Bautista Agut
56%
#37 Spanien David Ferrer
55%
#27 Italien Fabio Fognini
51%
#19 Tschechien Tomas Berdych
51%
#39 Russland Andrey Rublev
45%
#29 Deutschland Philipp Kohlschreiber
45%
#8 USA Jack Sock
40%
#25 Luxemburg Gilles Muller
39%
#48 Kroatien Borna Coric
38%
#31 Frankreich Richard Gasquet
38%
#10 Spanien Pablo Careno Busta
35%
#32 Uruguay Pablo Cuevas
32%
#35 Spanien Fernando Verdasco
30%
#45 Russland Karen Khachanov
29%
#41 Frankreich Benoit Paire
28%
#36 Spanien Feliciano Lopez
27%
#28 Frankreich Adrian Mannarino
24%
#13 USA Sam Querrey
24%
#30 Bosnien Damir Dzumhur
20%
#42 Niederlande Robin Haase
19%
#34 Serbien Filip Krajinovic
18%
#50 Großbritannien Kyle Edmund
18%
#23 Spanien Albert Ramos Vinolas
16%
#49 Slowenien Aljaz Bedene
16%
#44 USA Steve Johnson
15%
#38 Ukraine Alexandr Dolgopolov
14%
#18 Frankreich Lucas Pouille
13%
#40 Japan Yuichi Sugita
10%
#43 Italien Paolo Lorenzi
7%
#47 USA Ryan Harrison
7%
Keine übereinstimmenden Quizze gefunden
Verteilung der Resultate
Anzahl Personen mit jedem Resultat
Perzentil nach korrekt beantworteten Fragen
Ihre Resultats-Entwicklung
Sie haben dieses Quiz noch nicht gespielt